"Of Something" Sports Phrases - Statistics

General Stats
  • This quiz has been taken 101 times
  • The average score is 12 of 24
Answer Stats
Hint Answer % Correct
Where the best players of a sport are ensrhined Hall of {Fame}
100%
When a ball or puck is no longer in a position to be hit, kicked, or thrown Out of {Play}
97%
Controversial goal by Diego Maradona during the 1986 FIFA World Cup Hand of {God}
85%
Baseball colloquialism for a home run Knock it out of the {Park}
80%
The length of time a team has controlled the ball in many team sports Time of {Possession}
76%
Tournament format where the winning team stays on the court to take on the next challenger {King} of the Court
74%
Most prestigious road cycling Grand Tour race Tour de {France}
71%
In team sport, the title given to the top player in any given game Player/Man of the {Match}
61%
The last half-inning in a standard baseball game {Bottom} of the Ninth
60%
American football trick play where the the quarterback fakes a pass while handing the ball off behind his back Statue of {Liberty}
59%
Imaginary line separating the offense and defense at the start of a play in American football Line of {Scrimmage}
57%
Tactic used by a team to stall the game - often resulting in a penalty {Delay} of Game
54%
Endurance sports car race in France 24 Hours of {Le Mans}
51%
In tournament play, where several strong teams have been drawn together, making it exceptionally difficult for any team to advance to the next round Group of {Death}
46%
Expression used for an impressive goal in football/soccer {Back} of the Net
43%
Sound made when the ball is struck in baseball {Crack} of the Bat
38%
In basketball, the farthest point of the free-throw circle from the basket Top of the {Key}
38%
Awarded to the Eastern Conference champion in the National Hockey League Prince of {Wales} Trophy
33%
A measurement of the diffulculty of a team's opponents as compared to that of other teams {Strength} of Schedule
33%
Title given to the top climber in a cycling road race King of the {Mountains}
24%
Routine fly ball hit to an outfielder in baseball Can of {Corn}
23%
Codified rules of association football {Laws} of the Game
18%
Nickname of the college football Rose Bowl Game The {Granddaddy} of them all
18%
Collective name given to catcher's equipment in baseball Tools of {Ignorance}
8%
No matching quizzes found
Score Distribution
Percent of People with Each Score
Percentile by Number Answered
Your Score History
You have not taken this quiz